تحميل...

Tribal situation in India

التفاصيل البيبلوغرافية
المؤلف الرئيسي: Pratiksha
التنسيق: Printed Book
منشور في: New Delhi: Centrum Press, 2014.
الموضوعات:
LEADER 00522cam a2200169ua 4500
999 |c 46191  |d 46191 
020 |a 9789350845134 
082 |a 307.772  |b PRA-T 
100 |a Pratiksha. 
245 |a Tribal situation in India 
260 |a New Delhi:  |b Centrum Press,  |c 2014. 
300 |a 304p. 
650 |a Tribal community 
650 |a Tribal religions-India 
650 |a Scheduled tribe-India 
942 |c BK 
952 |0 0  |1 0  |4 0  |6 307_772000000000000_PRAT  |7 0  |9 58181  |a KU  |b KU  |d 2015-07-05  |l 6  |o 307.772 PRA-T  |p AN03183  |r 2019-10-17  |s 2019-09-04  |y BK